| 000 | 00479nam a2200217Ia 4500 | ||
|---|---|---|---|
| 003 | 0100 | ||
| 008 | 130303s9999 xx 000 0 und d | ||
| 020 | _a0415133424 | ||
| 040 | _cARRUPELIB | ||
| 050 | _aBC135.H68 1996 | ||
| 100 | _aHowson, Colin | ||
| 245 | _aLogic with Trees | ||
| 245 | _ban Introduction to Symbolic Logic | ||
| 260 | _aLondon | ||
| 260 | _bRoutledge | ||
| 260 | _C1996 | ||
| 300 | _a197p. | ||
| 300 | _b 22cm | ||
| 650 | _aLOGIC | ||
| 942 | 0 | 0 | _09 |
| 999 |
_c18093 _d18093 |
||